000 00465cam a2200193ua 4500
001 3675
005 20260515113719.0
008 120209n ii |||gr||||Z||||||asm
040 _cMAIN
082 _a891.4514
100 _aBaruah, Prahlad Kumar,
245 1 1 _aCintar abhas
_cby Prahlad Kumar Baruah
250 _a1st.
260 _aDibrugarh:
_bBanalata,992.
300 _a223p:
_c23cm.
653 _aAssamese literature
653 _aCintar abhas
942 _cBK
999 _c3502
_d3502